Statistics for Countries by High-Speed Rail Brands

Click here to take the quiz!

General Stats

  • This quiz has been taken 681 times
  • The average score is 7 of 15

Answer Stats

HintAnswer% Correct
ShinkansenJapan
95%
TGVFrance
91%
High Speed 1United Kingdom
68%
CRHChina
65%
ICEGermany
63%
Acela ExpressUnited States
54%
AVESpain
50%
KTXSouth Korea
49%
Al-BoraqMorocco
46%
SapsanRussia
32%
THSRTaiwan
25%
SJSweden
24%
YHTTurkey
21%
HaramainSaudi Arabia
20%
AfrosiyobUzbekistan
13%

Score Distribution

Percentile by Number Answered

Percent of People with Each Score

Your Score History

You have not taken this quiz